[Event "Barcelona Sant Marti op 05th"]
[Site "Barcelona"]
[Date "2003.06.07"]
[Round "7.24"]
[White "Calvet, Ramon"]
[Black "Cintas, Guillermo"]
[Result "1-0"]
[WhiteElo "1720"]
[BlackElo "1935"]
[PlyCount "85"]
[EventDate "2003.04.26"]
[EventType "swiss"]
[EventRounds "9"]
[EventCountry "ESP"]
[SourceTitle "EXT 2004"]
[Source "ChessBase"]
[SourceDate "2003.11.25"]
[SourceVersion "1"]
[SourceVersionDate "2003.11.25"]
[SourceQuality "1"]

1. d4 Nf6 2. Nf3 e6 3. h3 b6 4. Bf4 Bb7 5. e3 c5 6. c3 d5 7. Nbd2 Nbd7 8. Be2 Be7 9. 0-0 0-0 10. Ne5 Rc8 11. Nxd7 Nxd7 12. Nf3 Re8 13. Rc1 a6 14. a3 Nf8 15. Bd3 Bd6 16. Bxd6 Qxd6 17. Bb1 f6 18. Re1 Rcd8 19. b4 e5 20. dxe5 fxe5 21. Qb3 c4 22. Qc2 e4 23. Nd4 Ng6 24. Qe2 Ne5 25. Rf1 Bc8 26. Rcd1 Bxh3 27. gxh3 Re6 28. Nxe6 Nf3+ 29. Qxf3 exf3 30. Nxd8 Qxd8 31. Rd4 h5 32. h4 Qd7 33. Kh2 Qd6+ 34. Rf4 Qe5 35. Rg1 Qxc3 36. Rxf3 Qxa3 37. Rfg3 Qb2 38. Rxg7+ Qxg7 39. Rxg7+ Kxg7 40. Kg3 a5 41. bxa5 bxa5 42. Bc2 Kf6 43. Kf4 1-0